Lanean...
Lakshadweep ki samskriti /
| Egile nagusia: | |
|---|---|
| Formatua: | Printed Book |
| Hizkuntza: | Hindi |
| Argitaratua: |
Calicut :
Jyothis books ,
1985.
|
| LEADER | 00464nam a2200133Ia 4500 | ||
|---|---|---|---|
| 008 | 150624b xxu||||| |||| 00| | hin d | ||
| 082 | |a 301.295481 | ||
| 100 | |a Gopinath, ,. K. | ||
| 245 | |c K. Gopinath |a Lakshadweep ki samskriti / | ||
| 260 | |a Calicut : |b Jyothis books , |c 1985. | ||
| 546 | |a In Hindi. | ||
| 942 | |c BK | ||
| 999 | |c 91868 |d 91868 | ||
| 952 | |0 1 |1 0 |4 0 |6 301_295481000000000_GOP_L_H |7 0 |9 91810 |a UL |b UL |c ST2 |d 1998-09-15 |l 0 |o 301.295481 GOP/L H |p 55269 |r 2012-10-27 |w 2012-10-27 |y BK | ||